| 000 | 00540nam a2200133Ia 4500 | ||
|---|---|---|---|
| 008 | 220216s9999 xx 000 0 und d | ||
| 100 | _aSushamakumari S. | ||
| 245 | 0 | _aMicropropagation of somatic embryo derived plants of Hevea brasiliensis | |
| 260 |
_bNational Symposium on Prospects and Potentials of Plant Biotechnology in India in the 21st Century, 18-21 October 2000, Jai Narain Vyas University, Jodhpur, Rajasthan, India _c2000 |
||
| 650 | _aMicropropagation | ||
| 650 | _aSomatic embryogenesis | ||
| 700 | _aSobha S. | ||
| 942 | _cBS | ||
| 999 |
_c52941 _d52941 |
||